Rihanna - Chansons de l'album Anti - Statistiques

Statistiques générales
  • Ce quiz a été pris 64 fois
  • Le résultat moyen est 11 sur 16
Statistiques - réponses
Hint Réponse % Correct
Anti 4 Work (ft. Drake)
93%
Anti° 11 Love on the Brain
89%
Anti 1 Consideration (ft. SZA)
86%
Anti 3 Kiss It Better
86%
Anti 7 Needed Me
84%
Anti 5 Desperado
82%
Anti° 16 Sex With Me
80%
Anti 6 Woo
73%
Anti 2 James Joint
70%
Anti° 14 Goodnight Gotham
57%
Anti° 12 Higher
57%
Anti° 9 Same Ol' Mistakes
55%
Anti 8 Yeah, I Said It
55%
Anti° 15 Pose
54%
Anti° 10 Never Ending
50%
Anti° 13 Close To You
46%
Aucun quiz correspondant
Distribution des résultats
% des personnes avec chaque résultat
Percentile par nombre de réponses
Votre historique - résultats
Vous n’avez pas pris ce quiz